Marvel Cinematic Universe (MCU) Groups of Things - Statistics

General Stats
  • This quiz has been taken 4,060 times
  • The average score is 23 of 32
Answer Stats
Category Answer % Correct
Black Widow
98%
Black Widow
98%
Original Avengers Captain America
98%
Hulk
98%
Iron Man
98%
Thor
96%
Time
96%
Hawkeye
95%
Maximoff Twins Wanda Maximoff
95%
Civil War
90%
The Winter Soldier
90%
Movies in the Captain America Trilogy The First Avenger
89%
Pietro Maximoff
88%
Infinity Stones Power
87%
Mind
86%
Soul
86%
Space
86%
Reality
84%
Spider-Man
83%
Iron Man's Avengers War Machine
77%
3 Main Infinity War Locations Wakanda
76%
Black Panther
71%
Vision
67%
Titan
52%
Ebony Maw
41%
Proxima Midnight
37%
Corvus Glaive
30%
Black Order Cull Obsidian
30%
The Secluded Wakandan Tribe Jabari
20%
Elders of the Universe Collector
19%
Grandmaster
18%
Nidavellir
13%
No matching quizzes found
Score Distribution
Percent of People with Each Score
Percentile by Number Answered
Your Score History
You have not taken this quiz